[Event "X JUBILEUSZOWY MIEDZYNARODOWY TURNIEJ SZACHOWY - GORA SW. ANNY - OPEN A"]
[Site "Gora Sw. Anny"]
[Date "1899-12-30"]
[Round "2.12"]
[White "Michalski, Filip"]
[Black "Pniaczek, Marek"]
[Result "1/2-1/2"]
[WhiteTitle "k"]
[BlackTitle "CM"]
[WhiteElo "2045"]
[BlackElo "2143"]

1. d4 d5 2. c4 dxc4 3. Nf3 a6 4. e3 e6 5. Bxc4 c5 6. Bb3 Nf6 7. O-O Be7 8. Nc3
b5 9. dxc5 Qxd1 10. Rxd1 Bxc5 11. Bd2 Nbd7 12. Rac1 Bb7 13. Ne2 Ke7 14. Nf4 Rac8
15. Nd3 Bd6 16. a4 bxa4 17. Bxa4 Ne4 18. Ba5 Ndc5 19. Bc2 Nxd3 20. Bxd3 Nc5 21.
Be2 Nb3 22. Rxc8 Rxc8 23. Bc3 f6 24. Nd2 Nxd2 25. Rxd2 Rc5 26. Rd1 a5 27. Ra1
Be5 28. Rxa5 Rxa5 29. Bxa5 Bxb2 30. Bb4+ Kf7 31. Bb5 g5 32. Be2 Kg6 33. Bc4 Kf7
34. Be2 Bd5 35. Bh5+ Kg7 36. Be7 h6 37. Be8 f5 38. Bh5 Bf6 39. Bd6 e5 40. Be8
e4 41. Bd7 Kg6 42. Be8+ Bf7 43. Bd7 h5 44. Bc8 Bc3 45. Bc7 h4 46. h3 Bd2 47. Be5
Bc4 48. Bd7 f4 49. Bd4 Kf7 50. Bf5 Bd3 51. Kh1 fxe3 52. Bxe3 Bxe3 53. fxe3 Kf6
54. Bg4 Bc4 55. Kh2 Be6 56. Be2 Ke5 57. Kg1 Kd5 58. Kf2 Kc5 59. Bh5 Kc4 60. Ke2
Bf5 1/2-1/2

[Event "X JUBILEUSZOWY MIEDZYNARODOWY TURNIEJ SZACHOWY - GORA SW. ANNY - OPEN A"]
[Site "Gora Sw. Anny"]
[Date "1899-12-30"]
[Round "2.13"]
[White "Fiedorek, Michal"]
[Black "Samborski, Henryk"]
[Result "0-1"]
[WhiteTitle "I"]
[BlackTitle "k"]
[WhiteElo "1872"]
[BlackElo "2097"]

1. e4 c5 2. Nf3 d6 3. d4 cxd4 4. Nxd4 Nf6 5. Nc3 a6 6. Be2 e5 7. Nb3 Be7 8. Be3
Be6 9. Qd2 O-O 10. O-O b5 11. a3 Nbd7 12. f4 Qc7 13. f5 Bc4 14. g4 Nb6 15. g5
Nfd7 16. Rad1 Kh8 17. Kh1 Bxe2 18. Qxe2 Nc4 19. Nd5 Qd8 20. f6 gxf6 21. gxf6 Nxf6
22. Nxe7 Nxe3 23. Qxe3 Qxe7 24. Qg5 Ng8 25. Qxe7 Nxe7 26. Rxd6 Ra7 27. Nc5 Rc8
28. b4 Rc6 29. Rxc6 Nxc6 30. c3 Kg7 31. Rd1 a5 32. Rd6 axb4 33. axb4 Ne7 34. Kg2
Ra2+ 35. Kg3 Ng6 36. Rd5 Rc2 37. Rd3 Nf4 38. Re3 Rg2+ 39. Kh4 Rxh2+ 40. Kg4 Kf6
41. Nd7+ Ke6 42. Nc5+ Ke7 43. Nd3 Ng6 44. Kg3 Rc2 45. Ne1 Rc1 46. Nf3 f6 47. Kg4
Ke6 48. Nd2 Nf4 49. Nb3 h5+ 50. Kf3 Rf1+ 51. Kg3 h4+ 52. Kh2 Rf2+ 53. Kg1 Rc2
54. Nc5+ Ke7 55. Na6 Rxc3 56. Rxc3 Ne2+ 57. Kh2 Nxc3 58. Nc5 Na2 59. Nd3 f5 60.
Nxe5 fxe4 61. Ng6+ Kf6 62. Nxh4 Nxb4 63. Ng2 Nd5 64. Kg3 b4 65. Ne1 b3 0-1

[Event "X JUBILEUSZOWY MIEDZYNARODOWY TURNIEJ SZACHOWY - GORA SW. ANNY - OPEN A"]
[Site "Gora Sw. Anny"]
[Date "1899-12-30"]
[Round "3.1"]
[White "Sliwicka, Alicja"]
[Black "Gumularz, Szymon"]
[Result "0-1"]
[WhiteTitle "WFM"]
[BlackTitle "I++"]
[WhiteElo "2171"]
[BlackElo "2359"]

1. e4 g6 2. d4 Bg7 3. Nc3 d6 4. f4 Nf6 5. Nf3 O-O 6. Bd3 Na6 7. e5 Nd7 8. Qe2 c5
9. d5 Nb4 10. e6 Nxd3+ 11. Qxd3 fxe6 12. Ng5 Nf6 13. dxe6 d5 14. f5 c4 15. Qh3
d4 16. Ne2 d3 17. Nf4 Qa5+ 18. Bd2 Qe5+ 19. Be3 Qxf5 20. Qxf5 gxf5 21. cxd3 Ng4
22. Bc5 Bxb2 23. Rb1 Bf6 24. h4 b6 25. Ba3 h6 26. Nf3 cxd3 27. Kd2 Bb7 28. Rhc1
Rfc8 29. Ng6 Bd5 30. Bxe7 Kg7 31. Bxf6+ Kxg6 32. Bc3 Bxe6 33. a4 Nf2 34. Bd4 Ne4+
35. Kxd3 Rxc1 36. Rxc1 Rc8 37. Rxc8 Bxc8 38. a5 bxa5 39. Bxa7 Kh5 40. Ke3 Kg4
41. Bb8 Nf6 42. Be5 Nh5 43. Kf2 f4 44. Nh2+ Kf5 45. Bd6 Nf6 46. Ba3 Ke4 47. Bf8
h5 48. Be7 Ng4+ 49. Nxg4 Bxg4 50. Ke1 Kd3 51. Bd6 a4 52. Be7 Kc2 53. Bd6 Kb2 54.
Be5+ Kb3 55. Kd2 a3 56. Kc1 a2 57. Kd2 Bf5 0-1

[Event "X JUBILEUSZOWY MIEDZYNARODOWY TURNIEJ SZACHOWY - GORA SW. ANNY - OPEN A"]
[Site "Gora Sw. Anny"]
[Date "1899-12-30"]
[Round "3.2"]
[White "Grela, Kacper"]
[Black "Kosakowski, Jakub"]
[Result "0-1"]
[WhiteTitle "FM"]
[BlackTitle "k"]
[WhiteElo "2320"]
[BlackElo "2277"]

1. e4 c5 2. c3 d5 3. exd5 Qxd5 4. d4 Nf6 5. Nf3 Bg4 6. Be2 e6 7. O-O Nc6 8. Be3
cxd4 9. cxd4 Be7 10. Nc3 Qd6 11. h3 Bh5 12. Qd2 O-O 13. a3 Rfd8 14. Rfd1 Rac8
15. b4 Qb8 16. Rac1 Bxf3 17. Bxf3 Ne5 18. Be2 Nc4 19. Qd3 Nb2 20. Qd2 Nxd1 21.
Rxd1 Qc7 22. Nb5 Qd7 23. Nxa7 Ra8 24. Nb5 Nd5 25. Qd3 Rdc8 26. Qe4 Nb6 27. d5
Nxd5 28. Bc4 Bf6 29. Bxd5 exd5 30. Rxd5 Qc6 31. Qf5 Rd8 32. Rc5 Qd7 33. Qxd7 Rxd7
34. g4 h6 35. Kg2 Ra6 36. Rc8+ Kh7 37. Bc5 Bb2 38. Re8 Bxa3 39. f4 Rd2+ 40. Kg3
Rd3+ 41. Kg2 Bxb4 42. Bxb4 Ra2+ 43. Kf1 Rxh3 44. Kg1 Rb3 45. Re4 Rb1+ 0-1

[Event "X JUBILEUSZOWY MIEDZYNARODOWY TURNIEJ SZACHOWY - GORA SW. ANNY - OPEN A"]
[Site "Gora Sw. Anny"]
[Date "1899-12-30"]
[Round "3.3"]
[White "Piotrowski, Przemyslaw"]
[Black "Hnydiuk, Aleksander"]
[Result "1/2-1/2"]
[WhiteTitle "k+"]
[BlackTitle "IM"]
[WhiteElo "2324"]
[BlackElo "2403"]

1. d4 Nf6 2. Nf3 g6 3. g3 Bg7 4. Bg2 d5 5. O-O O-O 6. c4 dxc4 7. Na3 c3 8. bxc3
c5 9. e3 Nc6 10. Qe2 Bf5 11. Rd1 Qb6 12. Nd2 cxd4 13. cxd4 Rac8 14. Nb3 Rfd8 15.
Bb2 Be4 16. Bh3 e6 17. Nc5 Bd5 18. Bc3 Ne4 19. Nxe4 Bxe4 20. Rdc1 Ne7 21. Be1
Rc6 22. Rxc6 Qxc6 23. Qb5 Qxb5 24. Nxb5 a6 25. Nc3 Bf3 26. Bg2 Bxg2 27. Kxg2 e5
28. dxe5 Bxe5 29. Rb1 b5 30. Ne4 Rd3 31. Rc1 Nd5 32. Nc5 Ra3 33. Rd1 Bc3 34. e4
Nb4 35. Bxc3 Rxc3 36. Rd4 a5 37. Nb7 Nxa2 38. Nxa5 b4 39. Rd2 Nc1 40. Rb2 b3 41.
Rb1 Kf8 42. Kf1 Ke7 43. Ke1 Rc2 44. Kd1 Na2 45. Rxb3 Rxf2 46. h4 Kd6 47. Nc4+
Kc5 48. Nd2 Nb4 49. Rf3 1/2-1/2

[Event "X JUBILEUSZOWY MIEDZYNARODOWY TURNIEJ SZACHOWY - GORA SW. ANNY - OPEN A"]
[Site "Gora Sw. Anny"]
[Date "1899-12-30"]
[Round "3.4"]
[White "Nowak, Kamil"]
[Black "Kaczmarek, Aleksander"]
[Result "0-1"]
[WhiteTitle "m"]
[BlackTitle "FM"]
[WhiteElo "2306"]
[BlackElo "2321"]

1. e4 c6 2. d4 d5 3. Nc3 dxe4 4. Nxe4 Nd7 5. Ng5 Ngf6 6. Bc4 e6 7. Qe2 Nb6 8. Bd3
h6 9. N5f3 c5 10. Be3 Qc7 11. Ne5 Nbd7 12. Ngf3 Bd6 13. O-O-O Nxe5 14. dxe5 Bxe5
15. Nxe5 Qxe5 16. Bb5+ Bd7 17. Qc4 a6 18. Bxd7+ Nxd7 19. Rhe1 Qf6 20. Rd6 Ne5
21. Qe4 O-O 22. Bxc5 Ng6 23. Rd7 Rfc8 24. Bd4 e5 25. Be3 Rc6 26. Red1 Rac8 27.
c3 b5 28. Kb1 Rc4 29. Qd3 R8c6 30. Rd8+ Kh7 31. Rd6 Rxd6 32. Qxd6 Qf5+ 33. Qd3
Qg4 34. Qd5 Qf5+ 35. Qd3 Qg4 36. g3 Rc6 37. Qd7 Re6 38. h4 e4 39. Qd4 Ne5 40.
b3 Qf3 41. Qd2 Nd3 42. Bd4 h5 43. Kc2 f6 44. Qe3 Qf5 45. f3 Nf2 46. f4 Nxd1 47.
Kxd1 a5 48. a3 Qd5 49. Kc2 a4 50. bxa4 bxa4 0-1

[Event "X JUBILEUSZOWY MIEDZYNARODOWY TURNIEJ SZACHOWY - GORA SW. ANNY - OPEN A"]
[Site "Gora Sw. Anny"]
[Date "1899-12-30"]
[Round "3.5"]
[White "Kowalczyk, Pawel"]
[Black "Kiolbasa, Oliwia"]
[Result "1-0"]
[WhiteTitle "k+"]
[BlackTitle "WIM"]
[WhiteElo "2372"]
[BlackElo "2208"]

1. d4 Nf6 2. Nf3 g6 3. g3 Bg7 4. Bg2 O-O 5. O-O d5 6. a4 c6 7. Re1 Bg4 8. c3 Nbd7
9. a5 Re8 10. h3 Bxf3 11. Bxf3 e5 12. dxe5 Nxe5 13. Bg2 Nc4 14. a6 b6 15. b3 Nd6
16. Qc2 Nfe4 17. Bb2 Qf6 18. e3 h5 19. Ra2 Qf5 20. c4 dxc4 21. bxc4 Bxb2 22. Rxb2
Rad8 23. Rd1 Qe6 24. Na3 Nxg3 25. fxg3 Qxe3+ 26. Qf2 Qxa3 27. Rbd2 Ne4 28. Rxd8
Nxf2 29. Rxe8+ Kg7 30. Kxf2 Qc5+ 31. Re3 Qxc4 32. Bf1 Qc2+ 33. Be2 b5 34. Rf3
f5 35. Kf1 b4 36. Rd7+ Kf6 37. Rd6+ Ke5 38. Rdd3 Qc5 39. h4 Qb6 40. Rfe3+ Kf6
41. Rd6+ Kf7 42. Bc4+ 1-0

[Event "X JUBILEUSZOWY MIEDZYNARODOWY TURNIEJ SZACHOWY - GORA SW. ANNY - OPEN A"]
[Site "Gora Sw. Anny"]
[Date "1899-12-30"]
[Round "3.6"]
[White "Kucharska, Honorata"]
[Black "Lewicki, Miroslaw"]
[Result "0-1"]
[WhiteTitle "k+"]
[BlackTitle "CM"]
[WhiteElo "2098"]
[BlackElo "2318"]

1. e4 c5 2. Nf3 d6 3. Bb5+ Nd7 4. O-O Ngf6 5. Re1 a6 6. Bf1 g6 7. c3 Bg7 8. d4
O-O 9. Bg5 h6 10. Bf4 b5 11. Nbd2 Bb7 12. h3 e5 13. dxe5 Nh5 14. e6 Nxf4 15. exd7
Qxd7 16. Nb3 Qc7 17. Qd2 d5 18. e5 Ne6 19. Qe3 Rad8 20. Rad1 Rfe8 21. Qc1 d4 22.
Nh2 dxc3 23. Rxd8 Nxd8 24. bxc3 Rxe5 25. Rxe5 Bxe5 26. Ng4 Bf4 27. Qd1 Ne6 28.
c4 b4 29. Qa1 f5 30. Nf6+ Kf7 31. Nd5 Qe5 32. Qd1 Bg5 33. Nxb4 Be7 34. Nd3 Qe4
35. Nd2 Qd4 36. Nf3 Qd6 37. Nde5+ Kf6 38. Qb3 Be4 39. Qe3 Kg7 40. Bd3 Ng5 41.
Bxe4 Qd1+ 42. Qe1 Qxe1+ 43. Nxe1 Nxe4 44. N1d3 Nc3 45. a3 Bd6 46. Nf3 Kf6 47.
Kf1 g5 48. Nd2 g4 49. Nb3 Na4 50. Nbc1 Kg5 51. hxg4 fxg4 52. g3 Kf5 53. Ke2 Ke4
54. Kd2 Kd4 55. Ne2+ Kxc4 56. Kc2 Kd5 57. Nc3+ Nxc3 58. Kxc3 c4 59. Nb4+ Bxb4+
60. axb4 h5 0-1

[Event "X JUBILEUSZOWY MIEDZYNARODOWY TURNIEJ SZACHOWY - GORA SW. ANNY - OPEN A"]
[Site "Gora Sw. Anny"]
[Date "1899-12-30"]
[Round "3.7"]
[White "Kocwin, Bartosz"]
[Black "Domanski, Lukasz"]
[Result "1-0"]
[WhiteTitle "FM"]
[BlackTitle "I++"]
[WhiteElo "2217"]
[BlackElo "2026"]

1. e4 e5 2. Nf3 Nc6 3. Bb5 a6 4. Ba4 d6 5. O-O Bd7 6. c3 Nge7 7. d4 Ng6 8. Be3
Be7 9. Nbd2 h6 10. Re1 Bg5 11. Nf1 Qf6 12. d5 Nb8 13. Bxd7+ Nxd7 14. Nxg5 hxg5
15. g3 Rh7 16. Qg4 Qe7 17. Bxg5 f6 18. Be3 Qf7 19. c4 O-O-O 20. b4 Ne7 21. c5
f5 22. exf5 Qxd5 23. Red1 Qf7 24. cxd6 1-0

[Event "X JUBILEUSZOWY MIEDZYNARODOWY TURNIEJ SZACHOWY - GORA SW. ANNY - OPEN A"]
[Site "Gora Sw. Anny"]
[Date "1899-12-30"]
[Round "3.8"]
[White "Samborski, Henryk"]
[Black "Lukasiewicz, Krzysztof"]
[Result "1-0"]
[WhiteTitle "k"]
[BlackTitle "k"]
[WhiteElo "2097"]
[BlackElo "2152"]

1. Nf3 d5 2. g3 Nf6 3. Bg2 Bf5 4. O-O e6 5. d3 c6 6. Nh4 Bg4 7. h3 Bh5 8. g4 Bg6
9. Bf4 Bd6 10. Qd2 Qc7 11. Bxd6 Qxd6 12. f4 Nbd7 13. e3 O-O-O 14. Qf2 Kb8 15.
Nd2 h5 16. g5 Ng8 17. Nxg6 fxg6 18. d4 Ne7 19. c3 Rhf8 20. b4 Rc8 21. a4 Nf5 22.
Rfb1 Qc7 23. Bf1 Nd6 24. Bd3 Nf5 25. c4 e5 26. dxe5 Rce8 27. cxd5 cxd5 28. Bb5
a6 29. Bxd7 Qxd7 30. Nb3 d4 31. Rd1 Nxe3 32. Qxe3 dxe3 33. Rxd7 Rxf4 34. Rd4 Rf5
35. h4 Rexe5 36. Nc5 Re8 37. Re1 b6 38. Re4 Rd8 39. Nxa6+ Kb7 40. b5 Rd2 41. R1xe3
Rff2 42. Rc3 Rf7 43. Rec4 Re2 44. Rc7+ Rxc7 45. Rxc7+ Ka8 46. Rc4 Kb7 47. Nc7
Re1+ 48. Kf2 Ra1 49. Ke3 Ra3+ 50. Ke4 Rh3 51. Ke5 Re3+ 52. Kd6 1-0

[Event "X JUBILEUSZOWY MIEDZYNARODOWY TURNIEJ SZACHOWY - GORA SW. ANNY - OPEN A"]
[Site "Gora Sw. Anny"]
[Date "1899-12-30"]
[Round "3.9"]
[White "Pniaczek, Marek"]
[Black "Antolak, Julia"]
[Result "0-1"]
[WhiteTitle "CM"]
[BlackTitle "WFM"]
[WhiteElo "2143"]
[BlackElo "2074"]

1. e4 c5 2. Nf3 Nc6 3. Bb5 a6 4. Bxc6 dxc6 5. d3 Qc7 6. e5 Bg4 7. Bf4 e6 8. Nbd2
Ne7 9. h3 Ng6 10. Bh2 Bxf3 11. Qxf3 Rd8 12. Qe3 Be7 13. O-O O-O 14. a4 b6 15.
Rfe1 Rd5 16. Ne4 Rfd8 17. Kh1 Rd4 18. b3 Qb7 19. f4 b5 20. Qf3 Nh4 21. Qf2 Nf5
22. Reb1 bxa4 23. bxa4 Rb4 24. Qg1 Rb8 25. Rxb4 Qxb4 26. g4 Nh4 27. Bg3 c4 28.
Qf2 cxd3 29. cxd3 Rd8 30. Bxh4 Rxd3 31. Bxe7 Qxe4+ 32. Kh2 Rf3 33. Qd2 Rd3 34.
Qg2 Qxf4+ 35. Kh1 Rg3 36. Rb1 h6 37. Qf1 Qe4+ 38. Kh2 Qxe5 39. Re1 Re3+ 0-1

[Event "X JUBILEUSZOWY MIEDZYNARODOWY TURNIEJ SZACHOWY - GORA SW. ANNY - OPEN A"]
[Site "Gora Sw. Anny"]
[Date "1899-12-30"]
[Round "3.10"]
[White "Dmochowska, Agnieszka"]
[Black "Michalski, Filip"]
[Result "1-0"]
[WhiteTitle "WCM"]
[BlackTitle "k"]
[WhiteElo "2184"]
[BlackElo "2045"]

1. e4 e6 2. d4 d5 3. Nd2 Be7 4. Bb5+ c6 5. Ba4 Nf6 6. e5 Nfd7 7. c3 c5 8. Qg4 g6
9. Ne2 Nc6 10. O-O Rb8 11. Nf3 b5 12. Bc2 Ba6 13. Re1 b4 14. Nf4 Nf8 15. Nh5 Rg8
16. Nf6+ Bxf6 17. exf6 Qxf6 18. Bg5 Qg7 19. Qf4 Nd7 20. Ba4 Rc8 21. Qd6 Qf8 22.
Rxe6+ fxe6 23. Qxe6+ Ne7 24. Ne5 Rc7 25. Bxd7+ Kd8 26. Bxe7+ 1-0

[Event "X JUBILEUSZOWY MIEDZYNARODOWY TURNIEJ SZACHOWY - GORA SW. ANNY - OPEN A"]
[Site "Gora Sw. Anny"]
[Date "1899-12-30"]
[Round "3.11"]
[White "Wisniewski, Michal"]
[Black "Czopor, Maciej"]
[Result "0-1"]
[WhiteTitle "k+"]
[BlackTitle "I++"]
[WhiteElo "2132"]
[BlackElo "2134"]

1. e4 c5 2. Nf3 d6 3. d4 cxd4 4. Nxd4 Nf6 5. Nc3 Nc6 6. Bg5 e6 7. Qd2 Be7 8. O-O-O
a6 9. f4 Bd7 10. g3 Rc8 11. Bh3 b5 12. a3 Qb6 13. Nxc6 Bxc6 14. Bxf6 Bxf6 15.
Qxd6 Rd8 16. Qb4 a5 17. Rxd8+ Bxd8 18. Qd6 Be7 19. Qd3 O-O 20. Rd1 b4 21. axb4
axb4 22. Nb1 Bc5 23. Re1 Bf2 24. Re2 Bb5 25. Qxb5 Qxb5 26. Rxf2 Rd8 27. Bf1 Qc5
28. Rd2 Rxd2 29. Nxd2 Qg1 30. c4 bxc3 31. bxc3 Qxh2 32. c4 Qxg3 33. Kc2 Qxf4 34.
Kc3 Kf8 35. Bd3 h5 36. c5 h4 37. Nc4 h3 38. e5 h2 39. c6 0-1

[Event "X JUBILEUSZOWY MIEDZYNARODOWY TURNIEJ SZACHOWY - GORA SW. ANNY - OPEN A"]
[Site "Gora Sw. Anny"]
[Date "1899-12-30"]
[Round "3.12"]
[White "Godzwon, Iwo"]
[Black "Garbowski, Jakub"]
[Result "0-1"]
[WhiteTitle "k"]
[BlackTitle "k"]
[WhiteElo "2039"]
[BlackElo "2059"]

1. e4 c5 2. Nf3 e6 3. d4 cxd4 4. Nxd4 Nf6 5. Nc3 d6 6. Be3 a6 7. f3 b5 8. Qd2 Nbd7
9. O-O-O Bb7 10. g4 Nb6 11. Bd3 Rc8 12. Kb1 Be7 13. h4 Nfd7 14. Qe1 Ne5 15. g5
b4 16. Nce2 d5 17. Ng3 O-O 18. f4 Nec4 19. Bc1 Na4 20. Bxc4 Rxc4 21. e5 Qb6 22.
Nb3 Rfc8 23. Rh2 a5 24. h5 Nc3+ 25. bxc3 a4 26. Be3 Qa6 27. Nc1 bxc3 28. Nd3 d4
29. Bf2 Bf3 30. Ne2 Ba3 31. Ka1 Bb2+ 32. Nxb2 cxb2+ 33. Kb1 Rxc2 34. Nxd4 Bxd1
35. Nxc2 Bxc2+ 36. Kxb2 Qb7+ 37. Ka1 Rb8 38. Bb6 Qc6 39. Qe3 Bf5 40. Rb2 Rc8 41.
Rb4 a3 0-1

[Event "X JUBILEUSZOWY MIEDZYNARODOWY TURNIEJ SZACHOWY - GORA SW. ANNY - OPEN A"]
[Site "Gora Sw. Anny"]
[Date "1899-12-30"]
[Round "4.1"]
[White "Gumularz, Szymon"]
[Black "Kosakowski, Jakub"]
[Result "1/2-1/2"]
[WhiteTitle "I++"]
[BlackTitle "k"]
[WhiteElo "2359"]
[BlackElo "2277"]

1. Nf3 Nf6 2. g3 g6 3. Bg2 Bg7 4. O-O O-O 5. d4 d6 6. c4 Nc6 7. Nc3 Rb8 8. Bf4
Ng4 9. h3 e5 10. Bg5 f6 11. Bc1 Nh6 12. dxe5 fxe5 13. c5 Nf7 14. cxd6 cxd6 15.
e4 Be6 16. Be3 Rc8 17. Qd2 Qf6 18. Rad1 Bc4 19. Rfe1 Nb4 20. b3 Ba6 21. Nd5 Nxd5
22. Qxd5 Kh8 23. b4 Bc4 24. Qxb7 Rb8 25. Qc7 Bxa2 26. Qa5 Bc4 27. Rc1 Be6 28.
g4 h5 29. g5 Qd8 30. h4 Rb7 31. Qxd8 Rxd8 32. Bd2 d5 33. exd5 Bxd5 34. Bc3 e4
35. Nd4 Ne5 36. Bxe4 Bxe4 37. Rxe4 Rxd4 38. Bxd4 Nf3+ 39. Kg2 Nxd4 40. Rc4 Nf5
41. Rc6 Kh7 42. Rec4 Be5 43. Re6 Bd6 44. Ree4 Bf8 45. Rf4 Kg7 46. Kf1 Kf7 47.
Rfe4 Kg7 48. Rf4 Bd6 49. Rfe4 Be7 50. Rf4 Kf7 51. Rfe4 Rd7 52. Rc6 Rb7 53. Rcc4
Nd6 54. Rf4+ Ke6 55. Rc5 Nf5 56. Re4+ 1/2-1/2

[Event "X JUBILEUSZOWY MIEDZYNARODOWY TURNIEJ SZACHOWY - GORA SW. ANNY - OPEN A"]
[Site "Gora Sw. Anny"]
[Date "1899-12-30"]
[Round "4.2"]
[White "Kaczmarek, Aleksander"]
[Black "Kocwin, Bartosz"]
[Result "1-0"]
[WhiteTitle "FM"]
[BlackTitle "FM"]
[WhiteElo "2321"]
[BlackElo "2217"]

1. e4 e5 2. d4 Nc6 3. dxe5 Nxe5 4. f4 Ng6 5. Bc4 c6 6. Nf3 Bc5 7. Qe2 Qe7 8. Nc3
b5 9. Bd3 d6 10. Bd2 Nf6 11. O-O-O O-O 12. f5 Ne5 13. Nxe5 dxe5 14. g4 Nd7 15.
g5 Nb6 16. h4 Bd4 17. Nb1 b4 18. g6 Na4 19. gxh7+ Kh8 20. Rdf1 Bxb2+ 21. Kd1 f6
22. h5 Bd4 23. Qg2 Nb2+ 24. Ke1 Nxd3+ 25. cxd3 Ba6 26. Rf3 Rf7 27. Rg3 Qc5 28.
h6 Qc2 29. Ke2 Rd8 30. Rc1 Qxa2 31. hxg7+ Rxg7 32. Rxg7 Bxd3+ 33. Ke1 Bxe4 34.
Rg8+ Rxg8 35. hxg8=R+ Qxg8 36. Qxe4 Qg1+ 37. Ke2 Qf2+ 38. Kd3 Qg3+ 39. Be3 c5
1-0

[Event "X JUBILEUSZOWY MIEDZYNARODOWY TURNIEJ SZACHOWY - GORA SW. ANNY - OPEN A"]
[Site "Gora Sw. Anny"]
[Date "1899-12-30"]
[Round "4.3"]
[White "Hnydiuk, Aleksander"]
[Black "Samborski, Henryk"]
[Result "1/2-1/2"]
[WhiteTitle "IM"]
[BlackTitle "k"]
[WhiteElo "2403"]
[BlackElo "2097"]

1. d4 c5 2. d5 g6 3. e4 Bg7 4. Nf3 d6 5. Bb5+ Nd7 6. a4 Ngf6 7. Nc3 O-O 8. O-O
a6 9. Be2 Rb8 10. a5 Ne8 11. Bf4 b5 12. axb6 Qxb6 13. Ra2 Nc7 14. Nd2 Nb5 15.
Nc4 Nxc3 16. bxc3 Qc7 17. Qd2 Nb6 18. Rfa1 f5 19. exf5 Rxf5 20. Nxb6 Rxb6 21.
Bh6 Qb8 22. Bxg7 Rb1+ 23. Bf1 Kxg7 24. c4 Re5 25. Qc3 Kf7 26. Rxb1 Qxb1 27. Ra1
Qb7 28. f4 Re4 29. Qh8 Bf5 30. Qxh7+ Ke8 31. Qh8+ Kd7 32. g3 Rd4 33. Bh3 Qb2 34.
Bxf5+ gxf5 35. Re1 Qc3 36. Rf1 Qe3+ 37. Kh1 Qe4+ 38. Kg1 Rxc4 39. Qa8 Rxc2 40.
Qc6+ Kd8 41. Qa8+ Kd7 42. Qc6+ Kd8 43. Qa8+ Kd7 44. Qc6+ Rc4 1/2-1/2

[Event "X JUBILEUSZOWY MIEDZYNARODOWY TURNIEJ SZACHOWY - GORA SW. ANNY - OPEN A"]
[Site "Gora Sw. Anny"]
[Date "1899-12-30"]
[Round "4.4"]
[White "Lewicki, Miroslaw"]
[Black "Kowalczyk, Pawel"]
[Result "1-0"]
[WhiteTitle "CM"]
[BlackTitle "k+"]
[WhiteElo "2318"]
[BlackElo "2372"]

1. e4 c5 2. Nf3 e6 3. d4 cxd4 4. Nxd4 Nf6 5. Nc3 d6 6. Be3 a6 7. a4 b6 8. g3 Bb7
9. Bg2 Nbd7 10. Qe2 Rc8 11. O-O Qc7 12. a5 b5 13. Ndxb5 axb5 14. a6 Ba8 15. Nxb5
Qc4 16. Qxc4 Rxc4 17. e5 Nd5 18. exd6 Kd8 19. b3 Rb4 20. c4 Rxb5 21. cxb5 Bxd6
22. Bxd5 Bxd5 23. b6 Kc8 24. Rfc1+ Kb8 25. b7 Ne5 26. Ra5 Nf3+ 27. Kg2 Ne5+ 28.
Kf1 Ng4 29. Rb5 Nxe3+ 30. fxe3 Rf8 31. Rc8+ Rxc8 32. a7+ Kc7 33. b8=Q+ 1-0

[Event "X JUBILEUSZOWY MIEDZYNARODOWY TURNIEJ SZACHOWY - GORA SW. ANNY - OPEN A"]
[Site "Gora Sw. Anny"]
[Date "1899-12-30"]
[Round "4.5"]
[White "Antolak, Julia"]
[Black "Piotrowski, Przemyslaw"]
[Result "0-1"]
[WhiteTitle "WFM"]
[BlackTitle "k+"]
[WhiteElo "2074"]
[BlackElo "2324"]

1. e4 c5 2. Nf3 Nc6 3. d4 cxd4 4. Nxd4 Nf6 5. Nc3 d6 6. Bg5 e6 7. Qd2 a6 8. O-O-O
Bd7 9. f4 b5 10. Bxf6 gxf6 11. Kb1 Qb6 12. Nce2 h5 13. h4 Rg8 14. f5 Rc8 15. fxe6
fxe6 16. Nxc6 Qxc6 17. Nd4 Qc5 18. Be2 Rg6 19. Bf3 Bh6 20. Qe2 Rg3 21. Bxh5+ Ke7
22. Bf3 Bf4 23. Nb3 Qb6 24. Nc1 b4 25. Nd3 Bb5 26. e5 Bxe5 27. Qe4 Bxd3 28. Rxd3
f5 29. Qb7+ Qxb7 30. Bxb7 Rxd3 31. cxd3 Rb8 32. Bf3 b3 33. a3 Bf4 34. Rf1 Be3
35. Re1 f4 36. Bc6 Rc8 37. Ba4 Rc2 38. g3 fxg3 39. Rxe3 g2 40. Rg3 Rf2 41. Bxb3
Rf1+ 42. Kc2 g1=Q 43. Rxg1 Rxg1 44. Bc4 a5 45. b4 axb4 46. axb4 Rg4 47. Kc3 Rxh4
48. Bb3 d5 49. Bc2 Kd6 50. Bb3 e5 51. Bc2 Rh3 52. Kd2 Kc6 53. Ba4+ Kb6 54. Be8
Kc7 55. Ba4 Kd6 56. Be8 Rh8 57. Ba4 Ra8 58. Bb3 Rb8 59. Kc3 d4+ 60. Kc4 Rc8+ 61.
Kb5 Rc3 62. Bc4 e4 63. dxe4 d3 0-1

[Event "X JUBILEUSZOWY MIEDZYNARODOWY TURNIEJ SZACHOWY - GORA SW. ANNY - OPEN A"]
[Site "Gora Sw. Anny"]
[Date "1899-12-30"]
[Round "4.6"]
[White "Sliwicka, Alicja"]
[Black "Nowak, Kamil"]
[Result "1-0"]
[WhiteTitle "WFM"]
[BlackTitle "m"]
[WhiteElo "2171"]
[BlackElo "2306"]

1. e4 e6 2. d4 d5 3. Nc3 Nf6 4. Bg5 dxe4 5. Nxe4 Be7 6. Nxf6+ Bxf6 7. Bxf6 Qxf6
8. Nf3 O-O 9. Bd3 c5 10. O-O cxd4 11. Nxd4 Rd8 12. Nf3 Na6 13. Qe2 Nc5 14. Rad1
b6 15. Qe5 Nxd3 16. Qxf6 gxf6 17. Rxd3 Rxd3 18. cxd3 Ba6 19. Rd1 Rd8 20. Ne1 Kg7
21. f3 f5 22. Kf2 Rc8 23. Ke3 Kf6 24. d4 Ke7 25. Kd2 Kd6 26. Nc2 h5 27. h4 Bb7
28. Ne1 Kd5 29. Ke3 Ba6 30. g3 Bf1 31. Kf2 Bb5 32. Rd2 Rc4 33. Ng2 Rxd4 34. Nf4+
Ke5 35. Rxd4 Kxd4 36. Nxh5 Ke5 37. Ke3 Bc4 38. b3 Bf1 39. f4+ Kd6 40. Kd4 Be2
41. Nf6 Ke7 42. Ke5 Kf8 43. Kd6 Kg7 44. Ke7 Bb5 45. h5 Bc6 46. b4 Bb5 47. a3 Ba4
48. Nd7 Bd1 49. h6+ Kxh6 50. Kxf7 Bb3 51. Kf6 Kh5 52. Ne5 Bd5 53. b5 Bb3 54. Ke7
Kh6 55. Kd6 Kg7 56. Nc6 Kf6 57. Nxa7 Bc4 58. Nc8 Bxb5 59. Nxb6 Be8 60. a4 1-0

[Event "X JUBILEUSZOWY MIEDZYNARODOWY TURNIEJ SZACHOWY - GORA SW. ANNY - OPEN A"]
[Site "Gora Sw. Anny"]
[Date "1899-12-30"]
[Round "4.7"]
[White "Kiolbasa, Oliwia"]
[Black "Grela, Kacper"]
[Result "1/2-1/2"]
[WhiteTitle "WIM"]
[BlackTitle "FM"]
[WhiteElo "2208"]
[BlackElo "2320"]

1. e4 c5 2. Nf3 d6 3. d4 cxd4 4. Nxd4 Nf6 5. Nc3 a6 6. h3 e5 7. Nde2 h5 8. Ng1
Nbd7 9. Nf3 b5 10. Ng5 Be7 11. a4 b4 12. Nd5 Bb7 13. Nxe7 Qxe7 14. Bc4 O-O 15.
O-O Rac8 16. Bd3 Nc5 17. a5 Bc6 18. Be3 Nxd3 19. cxd3 Qb7 20. f4 Qb5 21. fxe5
Qxe5 22. Rf5 Qxb2 23. Rf2 Qe5 24. Rf5 Qb2 25. Rf2 Qe5 26. Rf5 Qb2 27. Rf2 1/2-1/2

[Event "X JUBILEUSZOWY MIEDZYNARODOWY TURNIEJ SZACHOWY - GORA SW. ANNY - OPEN A"]
[Site "Gora Sw. Anny"]
[Date "1899-12-30"]
[Round "4.8"]
[White "Czopor, Maciej"]
[Black "Dmochowska, Agnieszka"]
[Result "1-0"]
[WhiteTitle "I++"]
[BlackTitle "WCM"]
[WhiteElo "2134"]
[BlackElo "2184"]

1. e4 e6 2. d4 d5 3. Nc3 Nf6 4. e5 Nfd7 5. f4 c5 6. Nf3 Nc6 7. Be3 Be7 8. Qd2 O-O
9. O-O-O c4 10. Ne2 b5 11. g4 b4 12. f5 c3 13. Qe1 Qa5 14. Kb1 cxb2 15. Nf4 Nb6
16. Rd3 Ba6 17. f6 Bc4 18. Rb3 gxf6 19. Qh4 Na4 20. Bd2 Qd8 21. Nh5 fxe5 22. Ng5
Nc3+ 23. Kxb2 Ne4 24. Rh3 Qa5 25. Bxc4 dxc4 26. Nf6+ Nxf6 27. Nxh7 c3+ 28. Kb1
Nh5 29. Qxh5 Rfc8 30. Ng5 Qxa2+ 31. Kxa2 b3+ 32. Ka1 b2+ 33. Kb1 1-0

[Event "X JUBILEUSZOWY MIEDZYNARODOWY TURNIEJ SZACHOWY - GORA SW. ANNY - OPEN A"]
[Site "Gora Sw. Anny"]
[Date "1899-12-30"]
[Round "4.9"]
[White "Lukasiewicz, Krzysztof"]
[Black "Domanski, Lukasz"]
[Result "1-0"]
[WhiteTitle "k"]
[BlackTitle "I++"]
[WhiteElo "2152"]
[BlackElo "2026"]

1. e4 e5 2. Nf3 Nc6 3. Bc4 Nf6 4. d3 h6 5. O-O d6 6. c3 g6 7. b4 Bg7 8. a4 Qe7
9. a5 O-O 10. Re1 Kh8 11. Nbd2 Nh5 12. b5 Nd8 13. d4 Ne6 14. dxe5 dxe5 15. Ba3
Qf6 16. Bxf8 Bxf8 17. Nf1 Nef4 18. Ne3 c6 19. a6 Bc5 20. axb7 Bxb7 21. Qd7 Rb8
22. Ng4 Qg7 23. bxc6 Ba8 24. c7 1-0

[Event "X JUBILEUSZOWY MIEDZYNARODOWY TURNIEJ SZACHOWY - GORA SW. ANNY - OPEN A"]
[Site "Gora Sw. Anny"]
[Date "1899-12-30"]
[Round "4.10"]
[White "Garbowski, Jakub"]
[Black "Kucharska, Honorata"]
[Result "1-0"]
[WhiteTitle "k"]
[BlackTitle "k+"]
[WhiteElo "2059"]
[BlackElo "2098"]

1. e4 d6 2. d4 Nf6 3. Nc3 e5 4. Nf3 Nbd7 5. Bc4 Be7 6. O-O O-O 7. Re1 c6 8. a4
a5 9. Ba2 Qc7 10. h3 h6 11. Qd3 Nb6 12. Be3 Rd8 13. Rad1 exd4 14. Nxd4 d5 15.
e5 Nh7 16. Bf4 Be6 17. Qg3 Kh8 18. Bc1 Bc5 19. Nce2 Bxd4 20. Rxd4 Bf5 21. Nf4
Qe7 22. Qb3 Qc5 23. c3 Ng5 24. h4 Ne6 25. Be3 Nxd4 26. Bxd4 Qc4 27. Bxb6 Qxf4
28. Bxd8 Rxd8 29. Qxb7 Be4 30. Qb6 Qxh4 31. Qd4 Qg5 32. g3 Qh5 33. Rxe4 1-0